| 000 | 00969nam a2200253 a 4500 | ||
|---|---|---|---|
| 001 | 000006262 | ||
| 003 | DO-SdBNP | ||
| 005 | 20250701115727.0 | ||
| 008 | 090827s2004 dr a 000 0 spa d | ||
| 040 |
_aDO-SdBNP _bspa _cBNPHU |
||
| 082 | 4 |
_a378.7293 _bG216e _222 |
|
| 100 | 1 |
_aGarcía Fernández, Porfirio _917488 |
|
| 245 | 1 | 0 |
_aEducación, economía y la paz : _bdesde la academia / _cPorfirio García Fernández. |
| 260 |
_aSanto Domingo : _bUniversitaria-UASD, _c2004. |
||
| 300 |
_a423 p. : _bil., cuadros, gráfcs. ; _c23 cm. |
||
| 490 | 1 |
_aEducación y sociedad ; _v54 |
|
| 500 | _aIncluye referencias bibliográficas y notas al pie de páginas. | ||
| 590 | _aInventariado, 2018/MFF | ||
| 610 | 1 | 0 |
_aUniversidad Autónoma de Santo Domingo _972951 |
| 650 | 4 |
_aEducación superior _xRepública dominicana _9736 _vEnsayos, conferencias, etc. |
|
| 830 | 0 |
_aEducación y sociedad; _n54 _917491 |
|
| 910 | _aValidado. Control de calidad MMOLINA | ||
| 942 |
_2ddc _cLBS1 |
||
| 999 |
_c6057 _d6057 |
||